000 02140nam a2200517 i 4500
001 BDZ0047001159
003 StDuBDS
005 20241030120903.0
006 m|||||o||d||||||||
007 cr |||||||||||
008 190930t20192019stk fob 001|0|eng|d
020 _a9781474475457 (ebook) :
_cNo price
040 _aStDuBDS
_beng
_erda
_epn
_cStDuBDS
_dStDuBDSZ
050 4 _aKDC426.D5
_bG3 2019
072 7 _aLAW
_2ukslc
072 7 _aLNAC
_2thema
072 7 _aLNB
_2thema
072 7 _aLNS
_2thema
072 7 _aLNSH3
_2thema
072 7 _aLNDJ
_2thema
072 7 _aLNV
_2thema
082 0 4 _a346.411043
_223
100 1 _aGarrity, Denis J.,
_eauthor.
245 1 0 _aDilapidations and service charge
_h[electronic resource] /
_cDenis J. Garrity, LLB (Hons), Dip LP, Lorna Richardson, LLB (Hons), Dip LP.
264 1 _aEdinburgh :
_bEdinburgh University Press,
_c[2019]
264 4 _c2019
300 _a1 online resource (xiv, 135 pages)
336 _atext
_2rdacontent
337 _acomputer
_2rdamedia
338 _aonline resource
_2rdacarrier
366 _b20191205
_cAvailable
504 _aIncludes bibliographical references and index.
520 8 _aThis clear and practical book gives a thorough exposition of the law governing dilapidations in Scotland. It covers the underlying common law; interpretation of the lease; remedies for breach of repairing obligation; common parts and service charge; and dispute resolution.
650 0 _aDilapidations
_zScotland.
650 0 _aReal estate management
_xService charges
_xLaw and legislation
_zScotland.
650 7 _aLaw.
_2ukslc
650 7 _aLegal systems: civil procedure, litigation & dispute resolution
_2thema
650 7 _aPrivate or civil law: general
_2thema
650 7 _aProperty law: general
_2thema
650 7 _aLandlord & tenant law
_2thema
650 7 _aEBOOK
700 1 _aRichardson, Lorna,
_eauthor.
776 0 8 _iPrint version :
_z9781474473903
856 4 0 _uhttps://www.vlebooks.com/product/openreader?id=RICS&accId=9491556&isbn=9781474475457
_zAvailable on VLeBooks (email [email protected] if you do not have a login)
942 _2ddc
999 _c122034
_d122034